000 00708nam a2200193 4500
001 135922
003 ES-MaACL
005 20250930063122.0
007 t|
008 070214s1912 sp r ||||1| spa d
100 1 _aRuiz Funes, Mariano,
_d1889-1953
_9100804
245 1 3 _aEl derecho consuetudinario en la huerta y campo de Murcia /
_cpor Mariano Ruiz-Funes.
260 _aMurcia :
_b[s. n.],
_c1912 (
_fImp. Sucesores de Nogués)
300 _a141 p. ;
_c22 cm.
500 _aTesis doctoral de la Universidad de Madrid, Facultad de Derecho, leída en 1912.
710 2 _aUniversidad Central (Madrid).
_bFacultad de Derecho.
_97090
852 _aES-MaACL
_jT-1332-F-1
999 _c135922
_d135922